000 00923nam a22002897a 4500
001 0003761
003 KOHA_MİRAKIL
005 20260207001347.0
007 ta
008 110214b1992 tu |||gr||||#0|||0|tur |
020 _a9751706343
_q(tk.)
_c0,01
040 _aTR-BiSEU
_btur
_cTR-BiSEU
_erda
041 0 _atur
044 _ctu
050 _aDR592.K4
_bO98 1992
100 1 _aÖztürk, Kazım.
245 1 _aAtatürk'ün TBMM açık ve gizli oturumlarındaki konuşmaları/
_cKazım Öztürk ; Kazım Öztürk.
264 1 _aAnkara :
_bKültür Bakanlığı
_c1992
300 _a2 c.; 21 cm.
336 _ametin
_btxt
_2rdacontent
337 _aaracısız
_bn
_2rdamedia
338 _acilt
_bnc
_2rdacarrier
490 1 _aKültür Bakanlığı yayınları ;411, Atatürk dizisi ;
_v30.
830 1 _aKültür Bakanlığı yayınları ;411, Atatürk dizisi ;
_v30.
_99159
907 _aTarih
942 _2lcc
_cBK
999 _c3745
_d3745